[Event "Labour Day op"]
[Site "Toronto CAN"]
[Date "1990.09.02"]
[Round "4"]
[White "Brodie, Hugh"]
[Black "Nasir, Nasim"]
[Result "1-0"]
[WhiteElo "1978"]
[BlackElo "1941"]
[PlyCount "141"]
[EventDate "1990.09.01"]
[EventType "swiss"]
[EventRounds "6"]
[EventCountry "CAN"]

1. f4 Nf6 2. Nf3 d5 3. e3 Bg4 4. b3 e6 5. Bb2 Be7 6. Be2 O-O 7. Ne5 Bxe2 8.
Qxe2 c5 9. O-O Nc6 10. Nxc6 bxc6 11. d3 Nd7 12. Nd2 f5 13. e4 Bf6 14. Bxf6 Qxf6
15. e5 Qe7 16. Rf3 Rf7 17. Rh3 g6 18. Nf3 Nb6 19. Ng5 Rg7 20. Rh6 d4 21. Rc1
Nd5 22. Qf3 Rc8 23. Rh3 Rc7 24. Qf2 Ne3 25. c3 Ng4 26. Qe1 Qd7 27. Nf3 Ne3 28.
cxd4 cxd4 29. Nxd4 Ng4 30. Qc3 c5 31. Nc2 Qd5 32. Na3 Rgd7 33. Nb5 Rb7 34. Nd6
Rbc7 35. Nb5 Rb7 36. Nd6 Rbc7 37. Rf3 Qd4+ 38. Qxd4 cxd4 39. Rxc7 Rxc7 40. Nc4
Rc5 41. h3 Nh6 42. Kf1 Nf7 43. Ke1 Nd8 44. Kd2 Nc6 45. Rf1 Nb4 46. a3 Nd5 47.
b4 Rc6 48. g3 Nc3 49. Na5 Rc7 50. Nb3 Rd7 51. Nxd4 Ne4+ 52. dxe4 Rxd4+ 53. Kc3
Rxe4 54. Rf3 Kf7 55. Kd3 Re1 56. Kc4 Ke7 57. Rd3 g5 58. a4 Re4+ 59. Rd4 Re3 60.
fxg5 Rxe5 61. Rh4 Kd6 62. Rxh7 Re4+ 63. Kb5 Re3 64. g4 fxg4 65. hxg4 Re5+ 66.
Ka6 Rxg5 67. b5 Rxg4 68. a5 e5 69. Kxa7 e4 70. b6 e3 71. b7 1-0

[Event "Labour Day op"]
[Site "Toronto CAN"]
[Date "1990.09.03"]
[Round "5"]
[White "Kuehl, Scott"]
[Black "Brodie, Hugh"]
[Result "1/2-1/2"]
[WhiteElo "1915"]
[BlackElo "1978"]
[PlyCount "70"]
[EventDate "1990.09.01"]
[EventType "swiss"]
[EventRounds "6"]
[EventCountry "CAN"]

1. b3 e5 2. Bb2 Nc6 3. c4 d6 4. Nc3 f5 5. g3 Nf6 6. Bg2 g6 7. Nd5 Bg7 8. d3 O-O
9. Nf3 Ne7 10. Nxf6+ Bxf6 11. Qc2 Be6 12. O-O-O c6 13. Nd2 d5 14. e4 b5 15. c5
a5 16. Rhf1 Qc7 17. f4 exf4 18. Bxf6 Rxf6 19. Rxf4 Rff8 20. Nf3 fxe4 21. Rxf8+
Rxf8 22. dxe4 dxe4 23. Qxe4 Bd5 24. Qe2 Nf5 25. Ng5 Bf7 26. Nxf7 Kxf7 27. Qf3
Qe5 28. Kb1 Kg8 29. Qxc6 Ne3 30. Re1 Rf2 31. Qc8+ Kg7 32. Qd7+ Kh6 33. Qh3+ Kg7
34. Qd7+ Kh6 35. Qh3+ Kg7 1/2-1/2

[Event "Labour Day op"]
[Site "Toronto CAN"]
[Date "1990.09.03"]
[Round "6"]
[White "Brodie, Hugh"]
[Black "Bilaniuk, Stefan"]
[Result "1/2-1/2"]
[WhiteElo "1978"]
[BlackElo "1767"]
[PlyCount "45"]
[EventDate "1990.09.01"]
[EventType "swiss"]
[EventRounds "6"]
[EventCountry "CAN"]

1. f4 g6 2. Nf3 Bg7 3. e4 c5 4. Bc4 d6 5. O-O e6 6. Nc3 Ne7 7. d3 O-O 8. Bb3
Nbc6 9. Qe1 Na5 10. Bd2 a6 11. Nd1 Nxb3 12. axb3 b6 13. Bc3 Bb7 14. Bxg7 Kxg7
15. Ne3 d5 16. e5 d4 17. Ng4 Nd5 18. Ng5 h5 19. Qh4 Rh8 20. Nf2 Ne3 21. Nfe4
Bxe4 22. dxe4 Nxf1 23. Rxf1 1/2-1/2

[Event "Smiths Falls op"]
[Site "Smiths Falls CAN"]
[Date "1990.08.18"]
[Round "1"]
[White "Brodie, Hugh"]
[Black "Lidstone, Phil"]
[Result "1/2-1/2"]
[WhiteElo "1978"]
[BlackElo "1771"]
[PlyCount "40"]
[EventDate "1990.08.18"]
[EventType "swiss"]
[EventRounds "5"]
[EventCountry "CAN"]

1. e4 e6 2. d3 d5 3. Nd2 c5 4. Ngf3 Nc6 5. g3 g6 6. Bg2 Bg7 7. O-O Nf6 8. Re1
O-O 9. Qe2 Bd7 10. Nf1 d4 11. Bf4 Qe7 12. e5 Nd5 13. Bg5 f6 14. exf6 Bxf6 15.
Bxf6 Qxf6 16. N1d2 b6 17. Nc4 Rad8 18. Nfe5 Nxe5 19. Nxe5 Bc8 20. a3 a5 1/2-1/2

[Event "Smiths Falls op"]
[Site "Smiths Falls CAN"]
[Date "1990.08.18"]
[Round "2"]
[White "Brodie, Hugh"]
[Black "Leger, Manon"]
[Result "1-0"]
[WhiteElo "1978"]
[BlackElo "1417"]
[PlyCount "43"]
[EventDate "1990.08.18"]
[EventType "swiss"]
[EventRounds "5"]
[EventCountry "CAN"]

1. f4 d5 2. e3 Nf6 3. Nf3 e6 4. b3 c5 5. Bb2 Nc6 6. Bb5 Be7 7. O-O O-O 8. Bxc6
bxc6 9. Ne5 Qb6 10. Qe1 Ba6 11. Rf3 Rfd8 12. d3 Nd7 13. Rh3 Nxe5 14. Bxe5 f6
15. Bb2 Bc8 16. Qh4 h6 17. Rg3 Kh7 18. Qh5 Rg8 19. Qg6+ Kh8 20. Rh3 Bf8 21.
Bxf6 e5 22. Rxh6# 1-0

[Event "Smiths Falls op"]
[Site "Smiths Falls CAN"]
[Date "1990.08.18"]
[Round "3"]
[White "Kosich, Dusan"]
[Black "Brodie, Hugh"]
[Result "0-1"]
[WhiteElo "1786"]
[BlackElo "1978"]
[PlyCount "106"]
[EventDate "1990.08.18"]
[EventType "swiss"]
[EventRounds "5"]
[EventCountry "CAN"]

1. d4 e6 2. Nf3 f5 3. c4 Nf6 4. Nc3 b6 5. g3 Bb7 6. Bg2 Bb4 7. O-O O-O 8. Bg5
Bxc3 9. bxc3 Qe8 10. Rb1 d6 11. Qb3 Nbd7 12. a4 a5 13. Bf4 Nh5 14. Be3 f4 15.
Bd2 Be4 16. Rbd1 Kh8 17. g4 Nhf6 18. h3 e5 19. dxe5 Nc5 20. Qa2 dxe5 21. Ra1
Bc6 22. Ng5 Bxg2 23. Kxg2 h6 24. Nf3 Nfe4 25. Qc2 Qe6 26. Qa2 Rfe8 27. Bc1 Rad8
28. e3 Qc6 29. Qc2 Ng5 30. Qe2 Nxa4 31. h4 Nxf3 32. Qxf3 Qxf3+ 33. Kxf3 Nc5 34.
exf4 Rd3+ 35. Kg2 exf4 36. Ra2 Re4 37. Rd2 Rxc4 38. Rxd3 Nxd3 39. Bd2 g5 40.
hxg5 hxg5 41. Rh1+ Kg7 42. Rh5 Rc5 43. Rh3 Ne5 44. f3 Nc4 45. Be1 a4 46. Rh2 a3
47. Kg1 Nb2 48. Rc2 a2 49. Rc1 Nd3 50. Ra1 Nxe1 51. Rxe1 Rxc3 52. Ra1 Rc2 53.
Kf1 Rb2 0-1

[Event "Smiths Falls op"]
[Site "Smiths Falls CAN"]
[Date "1990.08.19"]
[Round "4"]
[White "Brice, Ron"]
[Black "Brodie, Hugh"]
[Result "1/2-1/2"]
[WhiteElo "1907"]
[BlackElo "1978"]
[PlyCount "65"]
[EventDate "1990.08.18"]
[EventType "swiss"]
[EventRounds "5"]
[EventCountry "CAN"]

1. d4 e6 2. c4 f5 3. g3 Nf6 4. Bg2 d5 5. Nh3 c6 6. O-O Bd6 7. Bg5 O-O 8. Nc3
Qe8 9. Bf4 Bxf4 10. Nxf4 Ne4 11. Rc1 Nd7 12. Nd3 Nxc3 13. Rxc3 dxc4 14. Rxc4 e5
15. d5 e4 16. Nf4 Ne5 17. Rc3 Kh8 18. f3 exf3 19. exf3 Qd8 20. Re1 Qb6+ 21. Kh1
Ng6 22. Nxg6+ hxg6 23. dxc6 bxc6 24. Qd6 Rf6 25. Re8+ Kh7 26. Qd2 Re6 27. Re3
Rxe3 28. Rxe3 Ba6 29. Rb3 Qc7 30. Qe1 Rd8 31. Kg1 Bc4 32. Ra3 Qb6+ 33. Kh1
1/2-1/2

[Event "Smiths Falls op"]
[Site "Smiths Falls CAN"]
[Date "1990.08.19"]
[Round "5"]
[White "Brodie, Hugh"]
[Black "Daku, Zoltan"]
[Result "1/2-1/2"]
[WhiteElo "1978"]
[BlackElo "1785"]
[PlyCount "79"]
[EventDate "1990.08.18"]
[EventType "swiss"]
[EventRounds "5"]
[EventCountry "CAN"]

1. e4 e5 2. Nc3 Nc6 3. Bc4 Nf6 4. d3 h6 5. Nf3 a6 6. h3 Bc5 7. Bb3 O-O 8. O-O
d6 9. Ne2 Na5 10. Ng3 Nxb3 11. axb3 Kh7 12. Nf5 Bxf5 13. exf5 Re8 14. Be3 Bxe3
15. fxe3 e4 16. Nh2 Nd5 17. Re1 Qg5 18. Nf1 Qxf5 19. Ng3 Qg6 20. Nxe4 f5 21. c4
fxe4 22. cxd5 exd3 23. Ra4 h5 24. Rd4 Re5 25. Qxd3 Qxd3 26. Rxd3 Rae8 27. Kf2
Rf5+ 28. Ke2 Ref8 29. Kd2 Rf2+ 30. Re2 g5 31. Rc3 R8f7 32. Kd3 Rxe2 33. Kxe2
Kg6 34. e4 Re7 35. Ke3 Kf6 36. Kd4 g4 37. h4 Kf7 38. Re3 Re5 39. Rc3 Re7 40.
Re3 1/2-1/2

[Event "CAN-op"]
[Site "Edmunston CAN"]
[Date "1990.06.29"]
[Round "1"]
[White "Anderson, Richard"]
[Black "Brodie, Hugh"]
[Result "0-1"]
[WhiteElo "1391"]
[BlackElo "1958"]
[PlyCount "66"]
[EventDate "1990.06.29"]
[EventType "swiss"]
[EventRounds "10"]
[EventCountry "CAN"]

1. d4 e6 2. c4 Bb4+ 3. Bd2 Qe7 4. Nf3 f5 5. a3 Bxd2+ 6. Qxd2 Nf6 7. Nc3 b6 8.
e3 Bb7 9. Be2 O-O 10. O-O d6 11. Qc2 Ne4 12. Nxe4 Bxe4 13. Qd1 Nd7 14. Ne1 Qg5
15. Bf3 Nf6 16. Bxe4 fxe4 17. Qe2 Ng4 18. h3 Nh6 19. Qd2 Nf5 20. f3 Qxe3+ 21.
Qxe3 Nxe3 22. Rf2 exf3 23. Nxf3 Rac8 24. b3 Nf5 25. Re1 Rce8 26. Rfe2 Rf6 27.
Kh2 g6 28. g4 Ng7 29. Kg3 h6 30. h4 Ref8 31. Rf2 h5 32. Ref1 hxg4 33. Kxg4 Nf5
0-1

[Event "CAN-op"]
[Site "Edmunston CAN"]
[Date "1990.06.30"]
[Round "2"]
[White "Brodie, Hugh"]
[Black "Hamilton, Robert"]
[Result "0-1"]
[WhiteElo "1958"]
[BlackElo "2391"]
[PlyCount "64"]
[EventDate "1990.06.29"]
[EventType "swiss"]
[EventRounds "10"]
[EventCountry "CAN"]

1. e4 c5 2. Nf3 e6 3. c3 d5 4. e5 b6 5. d4 Qd7 6. Bd3 Ba6 7. O-O Ne7 8. Bf4
Nec6 9. Bxa6 Nxa6 10. Qe2 Nc7 11. Nbd2 Be7 12. Rfd1 O-O 13. Nf1 cxd4 14. cxd4
Na5 15. Ng3 Qb5 16. Rac1 Qxe2 17. Nxe2 Rac8 18. Rc2 Na6 19. Rxc8 Rxc8 20. Rc1
Rxc1+ 21. Nxc1 f6 22. Kf1 Nb4 23. Ke2 Kf7 24. a3 Nbc6 25. exf6 gxf6 26. Kd2
Nc4+ 27. Kc3 e5 28. dxe5 fxe5 29. Bg3 e4 30. Nd4 Bf6 31. Nce2 Nxd4 32. Nxd4
Nxb2 0-1

[Event "CAN-op"]
[Site "Edmunston CAN"]
[Date "1990.07.01"]
[Round "3"]
[White "Ossinger, Brian"]
[Black "Brodie, Hugh"]
[Result "0-1"]
[WhiteElo "1563"]
[BlackElo "1958"]
[PlyCount "72"]
[EventDate "1990.06.29"]
[EventType "swiss"]
[EventRounds "10"]
[EventCountry "CAN"]

1. e4 c5 2. Nc3 Nc6 3. Nf3 g6 4. Bc4 Bg7 5. O-O d6 6. Re1 Nf6 7. d3 O-O 8. Nd5
Bg4 9. h3 Bxf3 10. Qxf3 Ne5 11. Nxf6+ Bxf6 12. Qg3 Nxc4 13. dxc4 Qa5 14. c3 a6
15. Bh6 Rfe8 16. e5 dxe5 17. Rxe5 Qc7 18. Re3 Qxg3 19. Rxg3 Rad8 20. Re1 Rd7
21. f4 Bh4 22. Ree3 Bxg3 23. Rxg3 Red8 24. f5 Rd3 25. Rg4 Rd1+ 26. Kh2 Rb1 27.
h4 Rxb2 28. h5 Rd6 29. Re4 gxf5 30. Rxe7 Rxh6 31. Re5 Rxh5+ 32. Kg3 f4+ 33.
Kxf4 Rxe5 34. Kxe5 Rxa2 35. g4 Rd2 36. g5 a5 0-1

[Event "CAN-op"]
[Site "Edmunston CAN"]
[Date "1990.07.02"]
[Round "4"]
[White "Brodie, Hugh"]
[Black "Lavigne, Harry"]
[Result "1-0"]
[WhiteElo "1958"]
[BlackElo "1769"]
[PlyCount "71"]
[EventDate "1990.06.29"]
[EventType "swiss"]
[EventRounds "10"]
[EventCountry "CAN"]

1. f4 f5 2. e4 e6 3. Nc3 b6 4. Nf3 Bb7 5. e5 Bb4 6. d4 Ne7 7. Bc4 c5 8. O-O
cxd4 9. Nb5 O-O 10. a3 a6 11. axb4 axb5 12. Rxa8 Bxa8 13. Bxb5 Bxf3 14. Rxf3
Nbc6 15. c3 dxc3 16. bxc3 Rf7 17. Rd3 Qc8 18. Rxd7 Nd5 19. Rxf7 Kxf7 20. Bd2
Nce7 21. Bf1 b5 22. Qh5+ Kg8 23. Qf3 g6 24. Qd3 Qc6 25. g3 Kf7 26. Be3 Nc8 27.
Bd4 Nc7 28. Bc5 Ne7 29. Qd8 Ncd5 30. Bg2 Qc7 31. Bxe7 Qxe7 32. Qxe7+ Kxe7 33.
Bxd5 exd5 34. Kf2 d4 35. c4 bxc4 36. b5 1-0

[Event "CAN-op"]
[Site "Edmunston CAN"]
[Date "1990.07.02"]
[Round "5"]
[White "Evans Quek, Suan"]
[Black "Brodie, Hugh"]
[Result "1/2-1/2"]
[WhiteElo "2195"]
[BlackElo "1958"]
[PlyCount "84"]
[EventDate "1990.06.29"]
[EventType "swiss"]
[EventRounds "10"]
[EventCountry "CAN"]

1. e4 c5 2. Nf3 Nc6 3. Nc3 g6 4. Bc4 Bg7 5. O-O d6 6. h3 Nf6 7. Re1 O-O 8. e5
dxe5 9. Nxe5 Nxe5 10. Rxe5 b6 11. Qe1 e6 12. d3 Bb7 13. Re2 Qd6 14. a4 Qc6 15.
f3 Nh5 16. Rb1 Bd4+ 17. Be3 Bg7 18. Qh4 Bf6 19. Bg5 Bd4+ 20. Kh1 Qc7 21. f4 a6
22. Ne4 Kg7 23. Ng3 Nxg3+ 24. Qxg3 Rfe8 25. Qh4 Kg8 26. Bf6 Bxf6 27. Qxf6 Qe7
28. Qe5 Qh4 29. Rbe1 Qxh3+ 30. Kg1 Qf5 31. Qc7 Bd5 32. Re5 Qxf4 33. Bxd5 Qd4+
34. Kf1 Rec8 35. Qb7 exd5 36. Rxd5 Qh4 37. Rde5 Rab8 38. Qd5 Rd8 39. Qb3 Qf4+
40. Kg1 Qd4+ 41. Kh1 Qh4+ 42. Kg1 Qd4+ 1/2-1/2

[Event "CAN-op"]
[Site "Edmunston CAN"]
[Date "1990.07.04"]
[Round "6"]
[White "Peckford, William"]
[Black "Brodie, Hugh"]
[Result "1-0"]
[WhiteElo "2230"]
[BlackElo "1958"]
[PlyCount "57"]
[EventDate "1990.06.29"]
[EventType "swiss"]
[EventRounds "10"]
[EventCountry "CAN"]

1. e4 c5 2. Nf3 Nc6 3. d4 cxd4 4. Nxd4 g6 5. c4 Bg7 6. Be3 Nf6 7. Nc3 Ng4 8.
Qxg4 Nxd4 9. Qd1 e5 10. Qd2 O-O 11. h4 f5 12. exf5 gxf5 13. O-O-O Qa5 14. Kb1
a6 15. Bxd4 exd4 16. Ne2 Qb6 17. Nxd4 d5 18. cxd5 Bh6 19. Qd3 Bd7 20. Qb3 Qd6
21. Be2 Rfc8 22. Bf3 Rc5 23. Qa3 Qb6 24. Nb3 Rc4 25. Qe7 Rd8 26. d6 Kh8 27.
Rhe1 Bg7 28. Qf7 Rxh4 29. Re7 1-0

[Event "CAN-op"]
[Site "Edmunston CAN"]
[Date "1990.07.05"]
[Round "7"]
[White "Brodie, Hugh"]
[Black "Roy, Roger"]
[Result "1/2-1/2"]
[WhiteElo "1958"]
[BlackElo "1690"]
[PlyCount "68"]
[EventDate "1990.06.29"]
[EventType "swiss"]
[EventRounds "10"]
[EventCountry "CAN"]

1. f4 d5 2. e3 c5 3. b3 Nc6 4. Bb2 Be6 5. Nf3 f6 6. Bb5 Qb6 7. Bxc6+ Qxc6 8.
O-O Bf7 9. d3 e6 10. Nbd2 Bd6 11. Qe2 O-O-O 12. c4 Kb8 13. Rfc1 Ne7 14. cxd5
exd5 15. d4 b6 16. dxc5 bxc5 17. Nd4 Qb6 18. Nb5 Rhe8 19. Nxd6 Rxd6 20. Qg4 g6
21. Ba3 Rc6 22. Qd7 Rc7 23. Qa4 Rec8 24. Bb2 Nf5 25. Nf1 Be8 26. Qa3 Bb5 27. g4
Bxf1 28. gxf5 Bd3 29. fxg6 hxg6 30. b4 c4 31. Bd4 Qe6 32. Qb2 Qg4+ 33. Qg2
Qxg2+ 34. Kxg2 Rc6 1/2-1/2

[Event "CAN-op"]
[Site "Edmunston CAN"]
[Date "1990.07.06"]
[Round "8"]
[White "Brodie, Hugh"]
[Black "Buckley, Bill"]
[Result "1-0"]
[WhiteElo "1958"]
[BlackElo "1658"]
[PlyCount "63"]
[EventDate "1990.06.29"]
[EventType "swiss"]
[EventRounds "10"]
[EventCountry "CAN"]

1. f4 c5 2. Nf3 Nc6 3. e3 d6 4. b3 g6 5. Bb2 Nf6 6. Bb5 Bg7 7. O-O O-O 8. Bxc6
bxc6 9. Qe1 a5 10. d3 a4 11. Nbd2 Qa5 12. Nc4 Qxe1 13. Rfxe1 Ra6 14. e4 d5 15.
Ncd2 e6 16. Be5 Rd8 17. g3 Rd7 18. Rab1 Rb7 19. Rb2 a3 20. Rbb1 Ra5 21. h3 Rab5
22. Rbd1 Kf8 23. g4 Ke7 24. c4 Rb4 25. Bc3 R4b6 26. exd5 cxd5 27. cxd5 Kf8 28.
Nc4 Ra6 29. dxe6 Bxe6 30. Ng5 Bxc4 31. dxc4 h5 32. Rd8+ 1-0

[Event "CAN-op"]
[Site "Edmunston CAN"]
[Date "1990.07.07"]
[Round "9"]
[White "Littke, Adam"]
[Black "Brodie, Hugh"]
[Result "0-1"]
[WhiteElo "2138"]
[BlackElo "1958"]
[PlyCount "78"]
[EventDate "1990.06.29"]
[EventType "swiss"]
[EventRounds "10"]
[EventCountry "CAN"]

1. d4 e6 2. c4 f5 3. g3 Nf6 4. Bg2 d5 5. Nf3 Bd6 6. O-O c6 7. Bf4 O-O 8. Nbd2
Qe7 9. Qb3 Ne4 10. Rad1 Nd7 11. a4 Kh8 12. c5 Bxf4 13. gxf4 b6 14. cxb6 axb6
15. Ne5 Nxe5 16. fxe5 Ba6 17. Nxe4 fxe4 18. Qe3 c5 19. f3 exf3 20. Rxf3 Rxf3
21. exf3 c4 22. f4 Bb7 23. Ra1 Bc6 24. Qf3 Rxa4 25. Rxa4 Bxa4 26. f5 Bd7 27. f6
Qf7 28. Bh3 Qg6+ 29. Kf2 Kg8 30. Bg4 Qc2+ 31. Kf1 Qb1+ 32. Kf2 Qc2+ 33. Kf1
Qb1+ 34. Kf2 Qxb2+ 35. Kf1 Qb1+ 36. Kf2 Qc2+ 37. Kg3 Qb3 38. Qxb3 cxb3 39. Bd1
Ba4 0-1

[Event "CAN-op"]
[Site "Edmunston CAN"]
[Date "1990.07.08"]
[Round "10"]
[White "Brodie, Hugh"]
[Black "Jung, Hans"]
[Result "1/2-1/2"]
[WhiteElo "1958"]
[BlackElo "2259"]
[PlyCount "33"]
[EventDate "1990.06.29"]
[EventType "swiss"]
[EventRounds "10"]
[EventCountry "CAN"]

1. e4 e6 2. d3 g6 3. Nc3 Bg7 4. g3 Ne7 5. Bg2 d6 6. f4 Nbc6 7. Nh3 Nd4 8. O-O
c5 9. Ne2 O-O 10. c3 Nxe2+ 11. Qxe2 b6 12. f5 exf5 13. exf5 Bxf5 14. Bxa8 Qxa8
15. g4 Be6 16. Nf4 Re8 17. Nxe6 1/2-1/2

[Event "Paul Keres mem (15th) U2000"]
[Site "Vancouver CAN"]
[Date "1990.05.19"]
[Round "1"]
[White "Wilson Tagoe, George"]
[Black "Brodie, Hugh"]
[Result "0-1"]
[WhiteElo "1850"]
[BlackElo "1960"]
[PlyCount "106"]
[EventDate "1990.05.19"]
[EventType "swiss"]
[EventRounds "6"]
[EventCountry "CAN"]

1. e4 c5 2. Nf3 Nc6 3. Bb5 g6 4. c3 Bg7 5. Bxc6 bxc6 6. O-O Nf6 7. Re1 O-O 8.
d3 d6 9. h3 Rb8 10. Na3 Ba6 11. Rb1 Qa5 12. Bg5 h6 13. Be3 Nd7 14. d4 cxd4 15.
Nxd4 Qc7 16. Qc2 Ne5 17. c4 c5 18. Ndb5 Qb7 19. b3 Bxb5 20. Nxb5 Nc6 21. Qd2
Kh7 22. Bf4 Rbd8 23. Nc3 Nd4 24. f3 Rd7 25. Nd5 e6 26. Nc3 Rfd8 27. Ne2 d5 28.
exd5 exd5 29. Nxd4 Bxd4+ 30. Kh1 dxc4 31. bxc4 Qa6 32. Qc2 Qf6 33. Qc1 Bc3 34.
Rf1 Bd2 35. Bxd2 Rxd2 36. a3 Qg5 37. Rg1 Qg3 38. Rb7 Kg8 39. Rxa7 Rf2 40. Qe3
Rxg2 41. Rxg2 Rd1+ 42. Qg1 Qxh3+ 43. Rh2 Qxf3+ 44. Rg2 Rxg1+ 45. Kxg1 Qd1+ 46.
Kh2 Qd4 47. a4 g5 48. a5 g4 49. a6 Qf4+ 50. Kh1 g3 51. Ra8+ Kg7 52. a7 Qf1+ 53.
Rg1 Qh3# 0-1

[Event "Paul Keres mem (15th) U2000"]
[Site "Vancouver CAN"]
[Date "1990.05.19"]
[Round "2"]
[White "Brodie, Hugh"]
[Black "Fultz, Steve"]
[Result "1-0"]
[WhiteElo "1960"]
[BlackElo "1865"]
[PlyCount "45"]
[EventDate "1990.05.19"]
[EventType "swiss"]
[EventRounds "6"]
[EventCountry "CAN"]

1. f4 d5 2. e3 Nf6 3. b3 c5 4. Nf3 Nc6 5. Bb5 Qb6 6. Bxc6+ bxc6 7. O-O Ba6 8.
d3 e6 9. c4 Be7 10. Ne5 O-O 11. Nc3 Rfd8 12. Qe1 d4 13. exd4 cxd4 14. Ne4 c5
15. Nxf6+ Bxf6 16. Bd2 Qd6 17. Qg3 Bb7 18. Rae1 Bxe5 19. fxe5 Qa6 20. Bh6 g6
21. Qf4 f5 22. exf6 Kf7 23. Qc7+ 1-0

[Event "Paul Keres mem (15th) U2000"]
[Site "Vancouver CAN"]
[Date "1990.05.20"]
[Round "3"]
[White "Badii, Maziar"]
[Black "Brodie, Hugh"]
[Result "1/2-1/2"]
[WhiteElo "1882"]
[BlackElo "1960"]
[PlyCount "84"]
[EventDate "1990.05.19"]
[EventType "swiss"]
[EventRounds "6"]
[EventCountry "CAN"]

1. d4 e6 2. c4 Bb4+ 3. Nc3 f5 4. g3 Nf6 5. Bg2 O-O 6. Nf3 d5 7. O-O c6 8. a3
Bd6 9. Bg5 Nbd7 10. b4 dxc4 11. e4 fxe4 12. Nxe4 Be7 13. Nxf6+ Nxf6 14. Ne5 c3
15. Qd3 Nd5 16. Bxe7 Qxe7 17. Be4 Nf6 18. Bg2 Nd5 19. Ra2 Bd7 20. Re2 Qd6 21.
Re4 g5 22. Rg4 Rf5 23. Be4 Qe7 24. h4 h5 25. Rxg5+ Rxg5 26. hxg5 Be8 27. Bg6
Qxg5 28. f4 Qh6 29. Rf2 Bxg6 30. Nxg6 Qh7 31. Ne5 Qxd3 32. Nxd3 b6 33. Rh2 Nf6
34. Ne5 a5 35. Rc2 axb4 36. axb4 Nd5 37. Nxc6 Ra1+ 38. Kf2 Rb1 39. Ke2 Rg1 40.
Kf3 Rf1+ 41. Ke2 Rg1 42. Kf3 Rf1+ 1/2-1/2

[Event "Paul Keres mem (15th) U2000"]
[Site "Vancouver CAN"]
[Date "1990.05.20"]
[Round "4"]
[White "Brodie, Hugh"]
[Black "Campbell, John"]
[Result "1/2-1/2"]
[WhiteElo "1960"]
[BlackElo "1956"]
[PlyCount "81"]
[EventDate "1990.05.19"]
[EventType "swiss"]
[EventRounds "6"]
[EventCountry "CAN"]

1. e4 e5 2. Nc3 Nf6 3. f4 exf4 4. e5 Ng8 5. Nf3 Nc6 6. d4 d6 7. exd6 Bxd6 8.
Bc4 Nf6 9. O-O O-O 10. Ne2 Na5 11. Bd3 Nd5 12. Qe1 Nc6 13. c3 Re8 14. Qf2 Qe7
15. Re1 Ne3 16. Bxe3 fxe3 17. Qh4 Qxh4 18. Nxh4 g5 19. Nf5 Bxf5 20. Bxf5 Ne7
21. Bc2 Ng6 22. g3 Rad8 23. Rad1 c5 24. Ba4 Rf8 25. Nc1 cxd4 26. cxd4 a6 27.
Rxe3 b5 28. Bb3 Ne5 29. Kg2 Nc4 30. Re2 Rfe8 31. Rde1 Kf8 32. Rxe8+ Rxe8 33.
Rxe8+ Kxe8 34. Bxc4 bxc4 35. g4 Kd7 36. h3 Kc6 37. Kf3 Kd5 38. Ne2 Bc7 39. Ke3
Bb6 40. Nc3+ Ke6 41. Ke4 1/2-1/2

[Event "Paul Keres mem (15th) U2000"]
[Site "Vancouver CAN"]
[Date "1990.05.21"]
[Round "5"]
[White "Brodie, Hugh"]
[Black "Lee, Kelly"]
[Result "0-1"]
[WhiteElo "1960"]
[BlackElo "1860"]
[PlyCount "36"]
[EventDate "1990.05.19"]
[EventType "swiss"]
[EventRounds "6"]
[EventCountry "CAN"]

1. e4 e6 2. d3 c5 3. Nd2 Nc6 4. Ngf3 g6 5. g3 Bg7 6. Bg2 Nge7 7. O-O O-O 8. Nh4
d5 9. f4 dxe4 10. dxe4 Qc7 11. c3 b6 12. Qe2 a5 13. Rd1 Ba6 14. Nc4 a4 15. Nf3
Na5 16. Nfd2 Rad8 17. Bf1 Nxc4 18. Nxc4 Bxc4 0-1

[Event "Paul Keres mem (15th) U2000"]
[Site "Vancouver CAN"]
[Date "1990.05.21"]
[Round "6"]
[White "Caluza, Juni"]
[Black "Brodie, Hugh"]
[Result "0-1"]
[WhiteElo "1947"]
[BlackElo "1960"]
[PlyCount "90"]
[EventDate "1990.05.19"]
[EventType "swiss"]
[EventRounds "6"]
[EventCountry "CAN"]

1. e4 c5 2. Nf3 Nc6 3. d4 cxd4 4. Nxd4 g6 5. Bc4 Bg7 6. Nxc6 bxc6 7. O-O d6 8.
Qf3 e6 9. Nc3 Ne7 10. Bf4 O-O 11. Rad1 d5 12. Bb3 Qa5 13. Bd6 Re8 14. a3 Bb7
15. Na4 Nc8 16. Bb4 Qc7 17. Bc3 dxe4 18. Qg4 Bxc3 19. Nxc3 f5 20. Qh3 c5 21.
Rd2 Bc6 22. Rfd1 Nb6 23. a4 c4 24. Ba2 Nxa4 25. Nxa4 Bxa4 26. Qa3 Bb5 27. b3 c3
28. Rd6 Rad8 29. Qb4 a6 30. g3 Rxd6 31. Qxd6 Qxd6 32. Rxd6 e5 33. b4+ Kg7 34.
g4 h6 35. Be6 f4 36. Bd5 e3 37. f3 Re7 38. Be4 Rd7 39. Rxd7+ Bxd7 40. Kf1 Bb5+
41. Ke1 Bc4 42. Kd1 g5 43. Bd3 Bxd3 44. cxd3 Kf6 45. Kc2 e2 0-1

[Event "RA Spring op"]
[Site "Ottawa CAN"]
[Date "1990.03.10"]
[Round "1"]
[White "Krupka, Tim"]
[Black "Brodie, Hugh"]
[Result "0-1"]
[WhiteElo "1778"]
[BlackElo "1960"]
[PlyCount "48"]
[EventDate "1990.03.10"]
[EventType "swiss"]
[EventRounds "5"]
[EventCountry "CAN"]

1. d4 e6 2. Nf3 f5 3. g3 Nf6 4. Bg2 d5 5. O-O Bd6 6. Nbd2 O-O 7. c4 c6 8. c5
Bc7 9. Re1 Qe8 10. Ng5 e5 11. dxe5 Bxe5 12. Ndf3 Bc7 13. b4 Ne4 14. Bb2 Nd7 15.
Nxe4 fxe4 16. Nd4 Ne5 17. Nc2 Qh5 18. Qd4 Rf6 19. Ne3 Bh3 20. Qd2 Raf8 21. Bxe5
Bxe5 22. Nxd5 Rxf2 23. Bxe4 Bxg3 24. Ne7+ Kh8 0-1

[Event "RA Spring op"]
[Site "Ottawa CAN"]
[Date "1990.03.10"]
[Round "2"]
[White "Brodie, Hugh"]
[Black "Lidstone, Phil"]
[Result "1/2-1/2"]
[WhiteElo "1960"]
[BlackElo "1852"]
[PlyCount "92"]
[EventDate "1990.03.10"]
[EventType "swiss"]
[EventRounds "5"]
[EventCountry "CAN"]

1. f4 d5 2. e3 c5 3. b3 Nf6 4. Bb2 e6 5. Nf3 Be7 6. Bb5+ Bd7 7. Qe2 O-O 8. O-O
Bxb5 9. Qxb5 Qc7 10. Qe2 Nbd7 11. d3 b5 12. Nbd2 Rab8 13. Ne5 c4 14. Ndf3 c3
15. Bc1 b4 16. a4 Nc5 17. Nd4 Rb7 18. Nb5 Qc8 19. Nd4 Nfd7 20. Nxd7 Qxd7 21. f5
e5 22. f6 Bxf6 23. Nf5 Kh8 24. e4 d4 25. Ng3 Ne6 26. Nh5 Bd8 27. Qg4 f6 28. Ng3
Qf7 29. Nf5 Rd7 30. Ng3 Qg8 31. Nf5 h6 32. Qh3 Qh7 33. Nxh6 gxh6 34. Qxe6 Rg7
35. Qh3 Rfg8 36. Rf2 Qg6 37. Qxh6+ Qxh6 38. Bxh6 Rg4 39. Raf1 Kh7 40. Bc1 Rh4
41. g3 Rh5 42. Kg2 Kg6 43. Rf5 Rh7 44. R1f2 Rgh8 45. Kg1 Rh3 46. Rg2 a5 1/2-1/2

[Event "RA Spring op"]
[Site "Ottawa CAN"]
[Date "1990.03.10"]
[Round "3"]
[White "Magnan, Mike"]
[Black "Brodie, Hugh"]
[Result "1/2-1/2"]
[WhiteElo "1808"]
[BlackElo "1960"]
[PlyCount "24"]
[EventDate "1990.03.10"]
[EventType "swiss"]
[EventRounds "5"]
[EventCountry "CAN"]

1. c4 e5 2. Nc3 Nc6 3. g3 g6 4. Bg2 Bg7 5. Nf3 f5 6. d3 Nf6 7. O-O d6 8. Bg5 h6
9. Bxf6 Qxf6 10. Nd5 Qd8 11. e3 O-O 12. Rb1 Ne7 1/2-1/2

[Event "RA Spring op"]
[Site "Ottawa CAN"]
[Date "1990.03.11"]
[Round "4"]
[White "Brodie, Hugh"]
[Black "Veltmann, Alfred"]
[Result "1-0"]
[WhiteElo "1960"]
[BlackElo "1783"]
[PlyCount "54"]
[EventDate "1990.03.10"]
[EventType "swiss"]
[EventRounds "5"]
[EventCountry "CAN"]

1. f4 d5 2. e3 Nf6 3. Nf3 Nc6 4. b3 Bg4 5. Bb5 Bd7 6. Bxc6 Bxc6 7. Bb2 e6 8.
O-O Bb5 9. d3 c5 10. Ne5 Qc7 11. c4 Ba6 12. Qe2 O-O-O 13. Nd2 Qe7 14. e4 Nd7
15. Ndf3 f6 16. Nxd7 Qxd7 17. Rfd1 b6 18. Qe1 Bb7 19. Bc3 Qc7 20. e5 d4 21. Bd2
Bxf3 22. gxf3 f5 23. b4 h5 24. bxc5 Bxc5 25. a4 Qf7 26. a5 Rd7 27. axb6 axb6
1-0